| 000 | 00606nam a2200193 a 4500 | ||
|---|---|---|---|
| 001 | 000023784 | ||
| 005 | 20200930022451.0 | ||
| 008 | 110113s1972 sp 000 0 spa d | ||
| 040 |
_aDO-SdBNP _bspa _cBNPHU |
||
| 082 |
_ann* _bnn* |
||
| 100 | 1 |
_aRankin, Hugh F. _948954 |
|
| 245 | 1 | 3 |
_aLa edad de oro de la piraterÃa / _cHugh F. Rankin ; traducción Manuel de la Escalera. |
| 260 |
_aMadrid : _bDoncel, _c1972. |
||
| 300 |
_a216 p. ; _c18 cm. |
||
| 490 | 1 |
_aLibro Joven de Bolsillo. _v25 |
|
| 700 | 1 |
_aEscalera, Manuel de la, _etr. _948955 |
|
| 830 | 0 |
_aLibro Joven de Bolsillo _v25 _913001 |
|
| 049 | _aBNGR | ||
| 999 |
_c23280 _d23280 |
||